| 000 | 00681nam a2200229 a 4500 | ||
|---|---|---|---|
| 001 | BRCA_6328 | ||
| 005 | 20190320205420.0 | ||
| 008 | 100811s1920----gw-#######---#000-0#ger-# | ||
| 041 | _ager | ||
| 044 | _agw | ||
| 050 | 4 |
_aPT8128 _b.P54 |
|
| 100 | 1 |
_aLyon, Victor _915872 |
|
| 245 | 1 | 0 |
_aChronik europäischer fürstenhofe. IV Band _bEine Schöne sünderin _cvon Victor Lyon. |
| 260 |
_aLeipzig _bdeutsches verlags-Institut _c[1920] |
||
| 300 |
_avii, 160 p. _c21cm. |
||
| 500 | _aEstado físico: sin cubierta y encuadernación desprendida | ||
| 500 | _aK7 | ||
| 505 | 0 | _av.4. Eine Schöne sünderin. | |
| 650 | 1 | 4 |
_aLiteratura Alemana _96160 |
| 902 | _aGFM | ||
| 942 |
_2lcc _cB |
||
| 999 |
_c6014 _d6014 |
||